| 000 | 00405nam a22001697a 4500 | ||
|---|---|---|---|
| 003 | CEME | ||
| 005 | 20210628205024.0 | ||
| 008 | 210222b xxu||||| |||| 00| 0 eng d | ||
| 020 | _a0-85296-896-5 | ||
| 040 | _c. | ||
| 082 | _a539.2 ROZ'O | ||
| 100 |
_aMogiardo, M Rozzi, T _973453 |
||
| 245 | _aOpen electromagnetics waveguides | ||
| 260 |
_aLONDON _bIEEE _c1997 |
||
| 300 | _a387P | ||
| 942 |
_cBK _2ddc |
||
| 999 |
_c579193 _d579193 |
||